Introduction to Materials Management (Record no. 5950)

MARC details
000 -LEADER
fixed length control field 00323nam a2200133Ia 4500
008 - FIXED-LENGTH DATA ELEMENTS--GENERAL INFORMATION
fixed length control field 191201s2012 xx 000 0 und d
082 ## - DEWEY DECIMAL CLASSIFICATION NUMBER
Classification number 658.51
Item number ARI
100 ## - MAIN ENTRY--PERSONAL NAME
Personal name TONYARNOLD, J R
245 #0 - TITLE STATEMENT
Title Introduction to Materials Management
260 ## - PUBLICATION, DISTRIBUTION, ETC. (IMPRINT)
Place of publication, distribution, etc N. Delhi
Name of publisher, distributor, etc Pearson
Date of publication, distribution, etc 2012
300 ## - PHYSICAL DESCRIPTION
Extent 515
650 ## - SUBJECT ADDED ENTRY--TOPICAL TERM
Topical term or geographic name as entry element BBA
942 ## - ADDED ENTRY ELEMENTS (KOHA)
Source of classification or shelving scheme Dewey Decimal Classification
Koha item type Text Books
Holdings
Withdrawn status Lost status Source of classification or shelving scheme Damaged status Not for loan Collection code Home library Current library Date acquired Source of acquisition Cost, normal purchase price Bill Number Total Checkouts Full call number Acc. no. / Barcode Date last seen Actual Cost, discounted price Bill Date Koha item type Date last borrowed Checked out Public note
    Dewey Decimal Classification     BBA PIET C-LIBRARY PIET C-LIBRARY 26/07/2014 Orange Books International 599.00 4542   658.7 ARI 24505 04/12/2019 419.30 23/07/2014 Text Books      
    Dewey Decimal Classification     BBA PIET C-LIBRARY PIET C-LIBRARY 26/07/2014 Orange Books International 599.00 4542   658.7 ARI 24506 04/12/2019 419.30 23/07/2014 Text Books      
    Dewey Decimal Classification     BBA PIET C-LIBRARY PIET C-LIBRARY 26/07/2014 Orange Books International 599.00 4542   658.7 ARI 24507 04/12/2019 419.30 23/07/2014 Text Books      
    Dewey Decimal Classification     BBA PIET C-LIBRARY PIET C-LIBRARY 26/07/2014 Orange Books International 599.00 4542 1 658.7 ARI 24508 13/04/2024 419.30 23/07/2014 Text Books 08/04/2024    
    Dewey Decimal Classification     BBA PIET C-LIBRARY PIET C-LIBRARY 26/07/2014 Orange Books International 599.00 4542 1 658.7 ARI 24509 22/01/2022 419.30 23/07/2014 Text Books 22/01/2022 21/07/2022 .

Design & Developed by: PIET Central Library
R70 Miles Stone Pattikalyana Samalkha Panipat 132102
mail ID :- [email protected], Phone No:- 0180-2569700 Ex.216